1970 1198 1240 1788 1349 1912 1372 1034 1800 1935 1412 1969 1034 1945 1292 1166 1081 1085 1675 1473 1282 1603 1757 1333 1306 1937 1467 1659 1224 1013 1028 1778 1545 1432 1737 1243 1289 1673 1483 1602 1274 1508 1443 1243 1771 1183 1436 1909 1826 1201 1245 1581 1290 1581 1260 1563 1722 1275 1238 1832 1775 1809 1977 1192 1058 1364 1837 1839 1200 1901 1602 1994 1535 1488 1787 1783 1335 1771 1308 1114 1356 1670 1424 1320 1928 1084 1685 1853 1346 1994 1661 1693 1367 1308 1427 1042 1901 1976 1221 BCNSPRNW ULIB Ver.6.0+V

เปลี่ยนเป็นภาษาไทย

Change to English
 แสดงรายละเอียดบรรณานุกรม
  กลับหน้าหลัก

Brief Record : Get Marc (ISO 2709) : E-mail record : QR code < ปิดหน้าต่าง
LEADER : 00000nam 2200000uu 4500
001    13399115192
003     ULIB
008    120725s2551||||th 000 0 tha d
020    ^a9789745922174
050  4 ^aBQ4570.S6^bฐ336ข ล.3 2551
100 0  ^aฐิตินาถ ณ พัทลุง
245 10 ^aเข็มทิศชีวิต.^n3^pตอน กฎแห่งเข็มทิศ/^cฐิตินาถ ณ พัทลุง
250    ^aพิมพ์ครั้งที่ 1
260    ^aฉะเชิงเทรา :^bเข็มทิศชีวิต,^c2551
300    ^a268 หน้า :^bภาพประกอบสี ;^c18 ซม.
650  4 ^aการปฏิบัติธรรม
650  4 ^aความสุข
650  4 ^aธรรมะ
650  4 ^aพุทธศาสนากับชีวิตประจำวัน
650  4 ^aพุทธศาสนากับสังคม
653    ^aOpen Your Eyes Project
945    ^p180^l0^i17678
995    ^aกัณชพร
999    ^aใช้งานได้ทุกระบบ
รายการนี้ยังไม่มีแท็ก
คุณยังไม่ได้ล็อกอิน คุณสามารถมีกิจกรรมร่วมกับเว็บไซต์ได้ แต่ต้องล็อกอินก่อน ::
  ล็อกอิน

รายการสื่อสารสนเทศ

ลำดับที่ ประเภท เลขเรียก/บาร์โค้ด สถานที่ สถานะ
- ไม่พบข้อมูล -

รายการใกล้เคียง
    ผู้แต่ง [ฐิตินาถ ณ พัทลุง]

    หัวเรื่อง [การปฏิบัติธรรม]
    หัวเรื่อง [ความสุข]
    หัวเรื่อง [ธรรมะ]
    หัวเรื่อง [พุทธศาสนากับชีวิตประจำวัน]
    หัวเรื่อง [พุทธศาสนากับสังคม]

BibComment


ยังไม่เคยถูกคอมเมนท์

คอมเมนท์ทรัพยากรรายการนี้
  คอมเมนท์: เข็มทิศชีวิต 3 ต..


 Copyright 2026. Bcnsprnw @Library